000 00273nam a2200097Ia 4500
001 1050344
005 20250827001206.0
008 250824s9999 xx 000 0 und d
245 0 _aOSMANLI DEVLETİNDE ASKERİ İSTİHBARAT
_cGÜLTEKİN YILDIZ
260 _bYEDİTEPE YAYINLARI
999 _c1050344
_d1050344